000 00791nam a2200241 i 4500
001 bg
100 1 _aMichalski, Grzegorz.
245 1 0 _aOcena finansowa kontrahenta na podstawie sprawozdań finansowych /
_cGrzegorz Michalski.
260 _aGdańsk :
_bOśrodek Doradztwa i Doskonalenia Kadr,
_c2008.
300 _a151 s. :
_bil. ;
_c24 cm.
504 _aBibliogr. s. 145-151.
650 9 _aFinanse
_xsprawozdawczość
_xbadanie
650 9 _aPrzedsiębiorstwo
_xfinanse
_xbadanie
020 _a9788374265096
040 _cBPK
041 _apol
044 _aPOL
080 _a657.6:658.14/.17
920 _a978-83-7426-509-6
942 _cKS
008 090731s2008 pl f |000 0 pol
999 _c56563
_d56563
856 _uhttp://koha.tu.koszalin.pl/cgi-bin/koha/opac-detail.pl?biblionumber=56563
_yKatalog online BPK